LEADER 01374nam a2200277 i 4500 001 000000136370 003 CaOOAMICUS 005 20100223000000.0 008 100223s1526 xx u000 u lat u 013 $a109922 040 $aSeMil$bita 245 10$aOpera ; item :$bOpera (opuscola) Maxentii Johannis. 260 $aColonia :$bin aed. Hyeronis Alopecii,$c1526, 7 luglio (Nonis julii) ; Ed. : G. Hittorpius. 260 $a[S.l.] :$bGodefridus Hittorpius,$c1526, 7 luglio (Nonis julii) ; Ed. : G. Hittorpius. 300 $a10 x 15,5 ;$cvol. 1 con due opere ;$cpp. 424, 144 ;$cgot e rom. 500 $aDescrizione da : Incunaboli e Cinquecentine della Biblioteca del Seminario di Milano / catalogo a cura di Ubaldo Valentini, Milano 1981. - Numero di catalogo : 703. 700 0 $aFulgentius,$c.$0(OLS)http://semarc/name/89130 850 $aSeMil 852 $aSeMil$W1$xVenegono$y1$mFV.B V 18$j89985$B89985$CSeMilBibl$Z2$F94871 $86 900 0 $aFulgenzio : di Ruspe. 900 0 $aFulgentius : Aphrus. 996 $6245$aOpera ; item :$bOpera (opuscola) Maxentii Johannis$9(OLS)http://semarc/title/199266 996 $6260$a[S.l.] :$bGodefridus Hittorpius$9(OLS)http://semarc/publisher/40935 996 $6260$aColonia :$bin aed. Hyeronis Alopecii$9(OLS)http://semarc/publisher/46957 LEADER 01157nas a2200241 i 4500 001 000000234847 003 CaOOAMICUS 005 20230614100848.0 008 141023b1984 it uu u0 0ita r 040 $aSeMil$bita 100 1 $aColagiovanni, Michele.$0(OLS)http://semarc/name/18093 245 10$aMaria De Mattias :$bla ribelle obbediente /$cMichele Colagiovanni. 264 1$aRoma :$bEd. Pia Unione Prez. mo Sangue,$c1984. 300 $a482 p., [2] p. di tav. ;$c25 cm. 500 $aNumero della rivista "Il sangue della redenzione", anno LXIX, numero unico, 1983 600 14$aDe Mattias, Maria .$0(OLS)http://semarc/subject/22276 710 2 $aMissionari del Preziosissimo Sangue .$0(OLS)http://semarc/name/10684 830 3$aIl sangue della redenzione.$0(OLS)http://semarc/title/444382 850 $aSeMil 852 $aSeMil$W1$xVenegono$y1$m3J VI 161$j241450$B185193$CSeMilBibl$Z2$F196079 $85 996 $6245$aMaria De Mattias :$bla ribelle obbediente$9(OLS)http://semarc/title/335015 996 $6264$aRoma :$bEd. Pia Unione Prez. mo Sangue$9(OLS)http://semarc/publisher/54110